El estado actual de la guerra y sus perspectivas /

Збережено в:
Бібліографічні деталі
Автор: Villalobos, Joaquín
Формат: Текст
Теги: Додати тег
Немає тегів, Будьте першим, хто поставить тег для цього запису!

MARC

LEADER 00000 a a2200000 04500
001 46715
003
040
100 |a Villalobos, Joaquín  
245 |a El estado actual de la guerra y sus perspectivas /  |c Joaquín Villalobos  
773 |a volumen41, número449 ( , 1986), páginas 169-204  
999 |c 26530  |d 26530